| 000 | 00729nam a2200205Ia 4500 | ||
|---|---|---|---|
| 999 |
_c37950 _d37950 |
||
| 001 | 3932 | ||
| 003 | GE_BSU | ||
| 005 | 20190903155044.0 | ||
| 008 | 181216s1974||||ge |||||||||||||| ||geo|| | ||
| 040 | _cGE_BSU | ||
| 041 | _ageo | ||
| 080 | _a51 კ–84 | ||
| 100 |
_aკრინსკი, ჰედელი _93889 |
||
| 245 |
_aმათემატიკა ეკონომისტებისათვის / _cრედ. პ. კოღონია. |
||
| 264 |
_aთბ. : _bთბილ. უნ-ტის გამ-ბა, _c1974. |
||
| 300 |
_a582 გვ. _b26 სმ. |
||
| 653 | _aმათემატიკა | ||
| 700 |
_aკოღონია, პ. _eრედაქტორი _93890 |
||
| 942 |
_cBK _2udc |
||